Projekt organizácie a riadenia personálnej práce v podniku Ekotrading-Inkflow, a.s., Bratislava : Diplomová práca

Salvato in:
Dettagli Bibliografici
Autore principale: Pajpachová, Monika (Autore)
Altri autori: Bestvinová, Viera, 1958- (xxx)
Natura: Manoscritto Libro
Lingua:slovacco
Pubblicazione: Trnava : STU v Bratislave MtF KMK, 1999
Soggetti:
Tags: Aggiungi Tag
Nessun Tag, puoi essere il primo ad aggiungerne!!

MARC

LEADER 00000ntm a22000003a 4500
001 stu53327
005 20160719155243.5
008 000427s1999----xo------------------slo-d
040 |a STU  |b slo 
041 0 |a slo 
044 |a xo 
100 1 |a Pajpachová, Monika  |4 aut 
245 1 |a Projekt organizácie a riadenia personálnej práce v podniku Ekotrading-Inkflow, a.s., Bratislava :  |b Diplomová práca 
260 |a Trnava :  |b STU v Bratislave MtF KMK,  |c 1999 
300 |a 74 s  |c výťah 
650 7 |a manažment priemyselných podnikov  |2 stusub 
650 7 |a manažment personálny  |2 stusub 
650 7 |a personalistika  |2 stusub 
700 1 |a Bestvinová, Viera,  |d 1958-  |4 xxx  |u M4000  |U MTF Materiálovotechnologická fakulta  |T MTF Ústav priemyselného inžinierstva a manažmentu  |X 1541  |U M4000  |Y 84  |7 A000001541